Zodpovedné marketingové riadenie ako základ ekonomickej prosperity organizácie

Príspevok identifikuje kľúčové prvky zodpovedného riadenia v organizácii potrebného na tvorbu a udržanie udržateľného rozvoja organizácie. Faktory vplývajúce na zodpovedné riadenie organizácie.

Salvato in:
Dettagli Bibliografici
Autore principale: Chebeň, Juraj
Natura: Capitolo di libro
Lingua:slovacco
Soggetti:
Tags: Aggiungi Tag
Nessun Tag, puoi essere il primo ad aggiungerne!!

MARC

LEADER 00000nla a2200000 4500
001 0160008
005 20240502072757.4
041 0 |a slo 
044 |a SK 
245 1 0 |a Zodpovedné marketingové riadenie ako základ ekonomickej prosperity organizácie  |c Juraj Chebeň 
520 |a Príspevok identifikuje kľúčové prvky zodpovedného riadenia v organizácii potrebného na tvorbu a udržanie udržateľného rozvoja organizácie. Faktory vplývajúce na zodpovedné riadenie organizácie. 
610 2 0 |a manažment 
610 2 0 |a manažéri 
610 2 0 |a riadenie podnikové 
610 2 0 |a zodpovednosť 
610 2 0 |a pojmy 
610 2 0 |a rozvoj trvalo udržateľný 
100 1 |a Chebeň, Juraj